000 00337 a2200133 4500
001 51344
020 _a0030626269
082 _a620.112 FLE
090 _c32535
_d32535
100 _aDavid Q Fletcher
245 _aMechanics of Materials
_cDavid Q Fletcher
_hEnglish
260 _aNew York
_bHolt Rinehart
_c1985
300 _axi 523 p
942 _aNUST-CAE
_k620.112 FLE
999 _c286417
_d286417